Normal view
MARC view
- Capt Haroon Amal Khattak
Entry Personal Name
001 - CONTROL NUMBER
- control field: 51416
003 - CONTROL NUMBER IDENTIFIER
- control field: NUST
005 - DATE AND TIME OF LATEST TRANSACTION
- control field: 20210314134956.0
008 - FIXED-LENGTH DATA ELEMENTS
- fixed length control field: 210314|| aca||aabn | a|a d
040 ## - CATALOGING SOURCE
- Original cataloging agency: NUST
- Transcribing agency: NUST
100 ## - HEADING--PERSONAL NAME
- Personal name: Capt Haroon Amal Khattak
670 ## - SOURCE DATA FOUND
- Source citation: Work cat.: (NUST): Capt Haroon Amal Khattak, Effects of Metered Water Connections in a Residential Society , 2018.
